[Event "10th Mumbai Mayors Cup 2017"]
[Site "Mumbai"]
[Date "2017.06.04"]
[Round "1"]
[White "Jayakumaar S"]
[Black "Ghosh, Diptayan"]
[Result "0-1"]
[WhiteElo "2185"]
[BlackElo "2569"]
[Annotator "TA"]
[PlyCount "36"]
[EventDate "2017.06.04"]
[EventType "swiss"]
[EventCountry "IND"]
[SourceTitle "playchess.com"]
[Source "ChessBase"]
[SourceQuality "1"]

{[%evp 9,36,22,21,10,6,-37,-27,-32,-29,-35,-35,-38,-33,-31,-29,-28,-2,-483,-497,-494,-483,-486,-489,-683,-677,-580,-591,-1018,-1023]} 1. b3 d5 2. Bb2 Bg4 {[%cal Bc8g4,Bg4h5,Bh5g6][%mdl 32]} 3. f3 Bh5 4. e3 (4. Nh3 e6 5. c4 Nf6 6. cxd5 exd5 7. e3 Bd6 8. Be2 Bg6 9. Na3 c6 10. O-O O-O 11. f4 Bf5 {0-1 (54) Vachier Lagrave,M (2762)-Sargissian,G (2686) Dubai 2014}) 4... Nd7 5. d4 e6 6. Nc3 $146 {A01: Nimzowitsch-Larsen Opening} ({Predecessor:} 6. Ne2 f6 7. Nbc3 Bb4 8. a3 Ba5 9. Qd2 c6 10. h4 Qe7 11. O-O-O O-O-O {½-½ (93) Sulskis,S (2533)-Kveinys,A (2543) Vilnius 2014}) 6... c5 7. Bb5 (7. h4 $5 {[%cal Rg2g4]}) 7... Ngf6 8. g4 {Black has an edge.} Bg6 9. h4 {[#] Threatens to win with h5.} h6 $1 10. Nge2 a6 11. Bd3 Bxd3 12. Qxd3 Rc8 13. dxc5 $2 {[%mdl 8192] [#]} (13. O-O-O $11 {and White has nothing to worry.}) 13... Ne5 $19 {Black is clearly winning.} 14. Qd1 Nxf3+ 15. Kf2 Ne5 16. Nf4 Nexg4+ 17. Ke2 Bxc5 18. Na4 Bxe3 {Precision: White = 40%, Black = 87%.} 0-1

[Event "10th Mumbai Mayors Cup 2017"]
[Site "Mumbai"]
[Date "2017.06.04"]
[Round "1"]
[White "Kumar, Gaurav"]
[Black "Grover, Sahaj"]
[Result "0-1"]
[WhiteElo "2185"]
[BlackElo "2485"]
[Annotator "TA"]
[PlyCount "104"]
[EventDate "2017.06.04"]
[EventType "swiss"]
[EventCountry "IND"]
[SourceTitle "playchess.com"]
[Source "ChessBase"]
[SourceQuality "1"]

{[%evp 16,104,31,0,0,0,0,0,0,0,19,12,15,13,14,5,18,17,11,-39,-40,-29,-18,-41,-48,-122,-125,-136,-10,-14,0,0,0,0,14,0,0,-31,-6,-38,0,-18,-14,-32,-13,-9,0,0,0,-3,0,-86,-84,-93,-70,-85,-85,-112,-113,-118,-86,-93,-86,-88,-85,-104,-63,-535,-240,-240,-240,-240,-236,-154,-155,-231,-236,-1321,-1275,-2085,-2085,-12831,-12831,-12831,-2364,-12833,-12833,-12833,-12833,-12836,-12835]} 1. e4 e5 2. Nf3 Nc6 3. d4 exd4 4. Nxd4 Bb4+ 5. c3 Bc5 6. Nxc6 bxc6 7. Bd3 {C45: Scotch Game} Qh4 8. Qe2 Nf6 9. Be3 {LiveBook: 5 Games. White is slightly better.} (9. h3 d6 10. g3 Qh5 11. Qxh5 Nxh5 12. Nd2 a5 13. Nb3 Bb6 14. Nd4 Bd7 {0-1 (54) Ni,H (2670)-Alekseev,E (2662) Saratov 2011}) 9... Bxe3 10. Qxe3 O-O 11. O-O Re8 12. Nd2 d5 {[%cal Rd5e4]} 13. g3 $146 ({Predecessor:} 13. f3 Bf5 14. Rae1 Re6 {1-0 (36) Van der Wiel,J (2531)-Hommeles,T (2409) Hoogeveen 2000}) 13... Qh5 {[#] aiming for ...Ng4.} 14. f3 a5 15. Rf2 a4 16. Qc5 Bd7 17. f4 Qg6 {[%cal Rd5e4]} 18. f5 Qh5 19. exd5 Re5 20. Nf1 ({Better is} 20. Raf1 $15) 20... Rae8 $17 ({Don't play} 20... cxd5 21. Qxc7 Rae8 22. h4 $15) (20... Rxd5 21. Qc4 $11) 21. Qc4 Rxd5 (21... Bxf5 $17 22. dxc6 Bxd3 23. Qxd3 h6) 22. Be2 $11 Qh6 23. Bf3 Rxf5 24. Qxa4 Qg5 (24... c5 $5 {[%cal Rd7a4]} 25. Qd1 Bb5 $11) 25. Qd4 Ra5 26. b4 Ra3 27. Rd1 Qb5 28. Ne3 Be6 29. Rdd2 h6 (29... c5 $5 30. bxc5 Ra4 $15) 30. Bg2 Nd7 31. c4 Qg5 32. Nc2 Ra6 33. a4 {[#]} (33. Rfe2 $11 {keeps the balance.}) 33... c5 $1 $17 {[%cal Rc5d4]} 34. bxc5 Qxc5 (34... Rxa4 {is interesting.} 35. Rde2 Rd8 36. Bd5 Nf6 37. h4 Qh5) 35. Qxc5 Nxc5 36. Rf4 Rb8 37. Nd4 Rb1+ ({Reject} 37... Nxa4 $6 38. Nxe6 Rxe6 39. Rd7 $11) 38. Rf1 Rxf1+ 39. Bxf1 Rxa4 40. Nb5 Ra1 41. Nxc7 $2 {[%mdl 8192]} (41. Kg2 $15) 41... Bxc4 (41... Bh3 $142 {[%csl Gh3][%cal Ra1f1]} 42. Rg2 Bxg2 43. Kxg2 Ra2+ 44. Kf3 Rxh2) 42. Rc2 $19 Bxf1 ({But not} 42... Rxf1+ 43. Kg2 $17) 43. Rxc5 {[%mdl 4096] Endgame KRB-KRN} Bh3+ 44. Kf2 Ra2+ 45. Kf3 (45. Kg1 $17 {is a better defense.}) 45... Rxh2 46. Nd5 $2 (46. g4) 46... Bg2+ {Black is clearly winning.} 47. Kg4 Bxd5 48. Rxd5 g6 49. Rd7 Kg7 (49... Rf2 $142 50. Rd8+ Kg7) 50. Ra7 Rf2 51. Rb7 h5+ 52. Kh4 Kh6 {Precision: White = 37%, Black = 55%.} 0-1

[Event "10th Mumbai Mayors Cup 2017"]
[Site "Mumbai"]
[Date "2017.06.04"]
[Round "1"]
[White "Mahalakshmi, M."]
[Black "Rahman, Ziaur"]
[Result "0-1"]
[WhiteElo "2180"]
[BlackElo "2526"]
[Annotator "TA"]
[PlyCount "62"]
[EventDate "2017.06.04"]
[EventType "swiss"]
[EventCountry "IND"]
[SourceTitle "playchess.com"]
[Source "ChessBase"]
[SourceQuality "1"]

{[%evp 9,62,44,62,66,61,33,41,12,47,32,41,28,21,24,39,40,52,-15,-16,-31,-32,-40,-40,-38,-23,-63,-37,-41,-25,-87,-76,-128,-130,-151,-75,-152,-147,-151,-98,-289,-297,-315,-294,-408,-343,-386,-378,-449,-433,-514,-532,-2037,-2024,-1966,-1961]} 1. Nf3 c5 2. c4 Nc6 3. Nc3 Nd4 4. e3 (4. Ng1 Nc6 5. g3 Nf6 6. Bg2 g6 7. Nf3 Bg7 8. O-O O-O 9. d4 cxd4 10. Nxd4 {½-½ (10) Zvjaginsev,V (2660)-Nepomniachtchi,I (2728) Sochi 2015}) 4... Nxf3+ 5. Qxf3 d6 6. d4 {A35: Symmetrical English: 2 Nc3 Nc6 3 Nf3} g6 7. Bd3 Bg7 8. O-O {White is slightly better.} Nf6 9. Bc2 O-O 10. h3 $146 ({Predecessor:} 10. dxc5 dxc5 11. e4 Be6 {½-½ (31) Stojanov,S-Pirligras,M (2180) Herculane 1994}) 10... Qc7 11. d5 a6 12. a4 e5 13. dxe6 (13. a5 $14) 13... Bxe6 $11 14. Nd5 Bxd5 15. cxd5 b5 16. e4 Nd7 17. Qe2 Rab8 18. f4 c4 19. Ra3 (19. axb5 $11 axb5 20. Qf2) 19... Rfe8 20. Rg3 ({Better is} 20. axb5 axb5 21. f5) 20... Qc5+ $17 21. Be3 {[#]} Bd4 (21... Qb4 $142 $1 22. axb5 axb5) 22. f5 (22. Qf2 $142 Bxe3 23. Rxe3) 22... Bxe3+ 23. Rxe3 Qd4 (23... bxa4 $142 24. Qf2 Ne5 25. Bxa4 {[#]} Rxb2 $1 {[%mdl 512]} 26. Qxb2 Qxe3+ 27. Qf2 Qxf2+ 28. Kxf2 Rb8) 24. Kh1 $2 (24. axb5 $17 Ne5 25. Qf2) 24... Qxb2 $19 25. axb5 axb5 ({Weaker is} 25... Rxb5 26. Qxc4 Ne5 27. Qa4 $15) 26. f6 Qe5 27. Qf2 h6 28. Rg3 {If White can now play Rxg6+ this consolidates a bit.} Kh7 {Black is clearly winning.} 29. Qe3 Ra8 30. Rf5 Ra1+ 31. Kh2 gxf5 {Precision: White = 13%, Black = 56%.} 0-1

[Event "10th Mumbai Mayors Cup 2017"]
[Site "Mumbai"]
[Date "2017.06.04"]
[Round "1"]
[White "Shelke Sankarsha"]
[Black "Deviatkin, Andrei"]
[Result "1/2-1/2"]
[WhiteElo "2165"]
[BlackElo "2481"]
[Annotator "TA"]
[PlyCount "81"]
[EventDate "2017.06.04"]
[EventType "swiss"]
[EventCountry "IND"]
[SourceTitle "playchess.com"]
[Source "ChessBase"]
[SourceQuality "1"]

{[%evp 42,81,45,0,24,9,17,17,16,16,17,17,17,12,17,15,12,24,33,16,20,20,20,20,27,28,27,27,26,27,21,14,29,29,68,29,29,29,29,0,68,0]} 1. e4 c6 2. d4 d5 3. Nc3 dxe4 4. Nxe4 Bf5 5. Ng3 Bg6 6. h4 h6 7. Nf3 Nd7 8. h5 Bh7 9. Bd3 Bxd3 10. Qxd3 e6 11. Bd2 Ngf6 12. O-O-O Qc7 13. Ne4 O-O-O 14. g3 Be7 15. Nxf6 Nxf6 16. Qe2 Bd6 17. c4 c5 18. Bc3 cxd4 19. Nxd4 a6 20. Nb3 {B19: Classical Caro-Kann: 4...Bf5 main line} (20. Kb1 Rd7 21. Nb3 Qc6 22. Rh4 Rhd8 23. Rc1 Kb8 24. c5 Bc7 25. a3 Rd5 26. Rc4 Rd3 27. Nd4 Qe4 28. Qxe4 Nxe4 {1-0 (51) Piorun,K (2586)-Czarnota,P (2523) Poland 2015}) 20... Qc6 21. Na5 Qc7 22. Nb3 {LiveBook: 18 Games} Be7 23. Ba5 $146 ({Predecessor:} 23. Kb1 Qc6 24. Rc1 Rhg8 25. Rhe1 Bc5 26. f4 Kb8 27. g4 Ka8 28. g5 Ne8 29. Ka1 Ba7 {1-0 (52) Kovanova,B (2404)-Schepetkova,M (2301) Loo 2014}) 23... Rxd1+ 24. Rxd1 Qc6 25. g4 Qe4 26. Qxe4 Nxe4 27. f3 Nf2 28. Rf1 Nd3+ 29. Kc2 Nb4+ 30. Kb1 (30. Bxb4 $5 Bxb4 31. c5 $11) 30... Rg8 31. Bxb4 Bxb4 $11 {[%mdl 4096] Endgame KRB-KRN} 32. c5 {[#] And now a3 would win.} Rd8 33. a3 Bd2 $1 34. Rd1 Bg5 35. Rxd8+ Bxd8 {KB-KN} 36. Kc2 Kd7 37. Kd3 Bg5 38. Nd4 Bc1 39. Kc2 Be3 40. Kd3 Bc1 $1 {[%cal Rc1b2]} 41. Kc2 {Precision: White = 70%, Black = 62%.} ({White should play} 41. Kc3 $14) 1/2-1/2

[Event "10th Mumbai Mayors Cup 2017"]
[Site "Mumbai"]
[Date "2017.06.04"]
[Round "1"]
[White "Anand Nadar"]
[Black "Nguyen, Duc Hoa"]
[Result "0-1"]
[WhiteElo "2155"]
[BlackElo "2477"]
[Annotator "TA"]
[PlyCount "72"]
[EventDate "2017.06.04"]
[EventType "swiss"]
[EventCountry "IND"]
[SourceTitle "playchess.com"]
[Source "ChessBase"]
[SourceQuality "1"]

{[%evp 19,72,0,7,-37,-12,-22,10,-38,14,-102,-69,-116,-22,-45,-27,-99,-101,-94,-99,-99,-85,-221,-221,-257,-250,-243,-267,-233,-103,-112,-51,-36,-44,-25,-24,-25,-15,-47,0,-124,0,-14,-29,-121,-116,-163,-162,-138,-95,-82,-83,-99,-42,-932,-940]} 1. d4 d5 2. c4 e6 3. Nc3 c6 4. Nf3 dxc4 5. g3 b5 6. Bg2 Nf6 7. O-O Bb7 8. e4 Nbd7 9. e5 {E01: Catalan: Early deviations} Nd5 10. Ng5 h6 {LiveBook: 23 Games} 11. Nge4 {The position is equal.} (11. Nxe6 {with more complications.} fxe6 12. Qh5+ g6 13. Qxg6+ Ke7 14. Bh3) 11... a6 $146 ({Predecessor:} 11... Qb6 12. a4 {½-½ (12) Moiseenko,A (2682)-Shulman,Y (2648) Montreal 2009}) 12. Be3 (12. Qg4 $5 {[%cal Re4d6]}) 12... Qb6 13. Qe2 O-O-O (13... Be7 $15) 14. Qf3 (14. a4 $11) 14... Nxe3 $17 15. Qxe3 f6 (15... c5 $17 16. dxc5 Bxc5 17. Nxc5 Bxg2 18. Kxg2 Qxc5) 16. exf6 $11 gxf6 17. Nc5 (17. a4 $11 {remains equal.}) 17... Nxc5 18. dxc5 Bxc5 19. Qxe6+ Kb8 20. Ne4 (20. b3 $17 {was worth a try.}) 20... Bd4 $19 21. Rad1 Bc8 ({Not} 21... Bxb2 22. Nxf6 Bc8 23. Nd7+ Rxd7 24. Rxd7 $17) 22. Qe7 Rhe8 23. Qf7 f5 (23... Bxb2 $19 {and Black stays clearly on top. And now ...Rxd1 would win.} 24. Nd6 Be6) 24. Nd6 $17 Be6 ({Black should play} 24... Rf8 $17 25. Qe7 Bxb2 26. Nxc8 Kxc8) 25. Qg6 $15 Re7 26. Nxf5 Bxf5 27. Qxf5 Re2 $36 {[%mdl 2048] [#] White must now prevent ...Rxf2! Black is more active.} 28. Kh1 Qc7 29. Rde1 (29. Qg4 $11 {keeps the balance.} Qe5 30. f4) 29... Rde8 ({Much worse is} 29... Rxb2 $6 30. Re6 $11) ({Better is} 29... Qe5 $17 30. Qxe5+ Rxe5 31. Bxc6 Kc7) 30. Rxe2 Rxe2 31. Qf8+ (31. Bf3 $1 $11 Rxf2 32. Rxf2 Bxf2 33. Qf8+ Kb7 34. Qxh6) 31... Kb7 $17 32. a4 Bxb2 ({Don't do} 32... Rxb2 33. axb5 axb5 34. Ra1 $15) 33. Bf3 Re7 34. axb5 axb5 {Strongly threatening ...Rf7.} 35. Qxh6 c3 (35... Qd7 $17) 36. Qf6 $2 {[%mdl 8192] [#]} (36. Qg6 $15) 36... Rf7 {Precision: White = 13%, Black = 33%.} 0-1

[Event "10th Mumbai Mayors Cup 2017"]
[Site "Mumbai"]
[Date "2017.06.04"]
[Round "1"]
[White "Senthil Maran K"]
[Black "Babujian, Levon"]
[Result "0-1"]
[WhiteElo "2152"]
[BlackElo "2438"]
[Annotator "TA"]
[PlyCount "75"]
[EventDate "2017.06.04"]
[EventType "swiss"]
[EventCountry "IND"]
[SourceTitle "playchess.com"]
[Source "ChessBase"]
[SourceQuality "1"]

{[%evp 11,75,29,24,-33,-12,-68,-72,-84,-86,-90,-94,-94,-51,-57,-61,-70,-67,-80,-62,-65,-6,-19,-8,-11,127,125,111,114,104,125,98,90,199,182,225,46,46,45,46,46,54,0,0,-52,-49,-110,-118,-158,0,0,15,0,0,0,0,0,12,0,10,0,0,-108,-106,-362,-355,-340]} 1. d4 Nf6 2. g3 d5 3. c4 dxc4 4. Nf3 g6 5. Bg2 Bg7 6. O-O O-O 7. a4 {D77: Fianchetto Grünfeld: 6 0-0: Replies other than 6...c6} (7. Na3 $11) (7. Na3 c5 8. dxc5 c3 9. Nb5 Na6 10. Nxc3 Nxc5 11. Be3 Nfe4 12. Nxe4 Nxe4 13. Bd4 Bxd4 14. Qxd4 Qxd4 15. Nxd4 Nd6 16. Rfc1 {½-½ (67) Giri,A (2771)-Grandelius,N (2641) Reykjavik 2017}) 7... Nc6 (7... c5 $5) 8. Na3 (8. a5 $1 $11) 8... Na5 $15 9. Bf4 $146 {Black is better.} ({Predecessor:} 9. Qc2 Bf5 10. Qc3 Nb3 11. Ra2 Nd5 12. Qxc4 Na5 {0-1 (12) Farias,E (1929)-Matsuura,E (2495) Cuiaba 2015}) 9... Nd5 10. Rc1 Nxf4 11. gxf4 {[#]} c5 $1 {[%cal Rc5d4][%mdl 512]} 12. Nxc4 (12. dxc5 Bxb2) 12... cxd4 13. Nce5 f6 14. Nd3 Nc6 15. b4 {[%cal Bb2b4,Bb4b5][%mdl 32]} e6 ({Better is} 15... Re8 $15) 16. Qb3 $11 Kh8 17. Qb2 f5 (17... e5 $11 18. b5 Na5 19. fxe5 fxe5 20. Nfxe5 (20. Ndxe5 Qd6 $11) 20... Qd6) 18. b5 $16 Ne7 19. Nde5 g5 20. Nxg5 ({But not} 20. fxg5 $6 Ng6 $11) 20... Bxe5 21. fxe5 Nd5 (21... Ng6 $16 22. Qd2 Nh4) 22. f4 $18 Nxf4 23. Rxf4 $2 (23. Nxh7 $1 $18 Nh3+ 24. Bxh3 Rg8+ 25. Bg2 Kxh7 26. Rf3) 23... Qxg5 $14 24. Qxd4 Rg8 {[%csl Gg8][%cal Rg5g2]} 25. Qf2 Bd7 26. h4 ({White should play} 26. Rc3 $14) 26... Qh6 $11 27. Rc3 (27. Rc7 $11 Rg7 28. Rd4) 27... a6 $15 28. Rd4 ({White should try} 28. Rc7 $15 Be8 29. Rxb7) 28... Be8 $17 29. bxa6 Rxa6 $2 (29... Bc6 $1 $17 30. Rg3 Rxg3 31. Qxg3 Rg8 32. Qxg8+ Kxg8) 30. Rg3 $1 $11 Rf8 31. Bxb7 Rxa4 32. Rxa4 Bxa4 33. Qc5 Re8 34. Qc7 Qf8 35. Qa5 (35. Qc4 $5 {[%cal Rc4a4]} Bd7 36. Kf1 $11) 35... Bc2 36. Kf2 {[#]} (36. Qa3 $11 {keeps the balance.}) 36... Qe7 $1 $17 {[%cal Re7h4]} 37. Qc3 $2 {[%mdl 8192]} (37. Bf3 $17) 37... Qxh4 $19 ({Less strong is} 37... Qxb7 38. Qxc2 Rc8 39. Qd2 $17) 38. Kg1 {Precision: White = 38%, Black = 57%.} 0-1

[Event "10th Mumbai Mayors Cup 2017"]
[Site "Mumbai"]
[Date "2017.06.04"]
[Round "1"]
[White "Singh, D P"]
[Black "Nitin, S.."]
[Result "0-1"]
[WhiteElo "2132"]
[BlackElo "2427"]
[Annotator "TA"]
[PlyCount "78"]
[EventDate "2017.06.04"]
[EventType "swiss"]
[EventCountry "IND"]
[SourceTitle "playchess.com"]
[Source "ChessBase"]
[SourceQuality "1"]

{[%evp 13,78,17,12,8,2,6,10,-5,0,3,7,-8,-2,-33,-31,-55,-42,-77,-71,-61,-59,-42,-48,-125,-120,-139,-154,-137,-178,-187,-160,-239,-295,-483,-444,-569,-589,-522,-400,-608,-608,-608,-606,-606,-606,-600,-596,-564,-519,-842,-828,-771,-339,-616,-398,-526,-524,-511,-515,-743,-723,-765,-745,-739,-729,-1037,-1019]} 1. d4 Nf6 2. Bf4 g6 3. e3 Bg7 4. Nf3 O-O 5. h3 d6 6. Be2 Nfd7 7. O-O {A48: 1 d4 Nf6 2 Nf3 g6: Torre, London and Colle Systems} (7. Bh2 e5 8. Nc3 Nc6 9. O-O Re8 10. Re1 a6 11. a4 b6 12. Bc4 Bb7 13. Bd5 Rb8 14. dxe5 dxe5 {1-0 (70) Carlsen,M (2850)-Radjabov,T (2738) Berlin 2015}) 7... e5 {LiveBook: 77 Games} 8. Bg5 f6 {[%cal Bf7f6,Bf6f5,Bf5f4,Bf4f3,Bf3g2][%mdl 32]} 9. Bh4 {The position is equal.} Nc6 10. c3 g5 11. Bg3 $1 f5 12. dxe5 dxe5 13. Na3 $146 ({Predecessor:} 13. Qd5+ Kh8 14. Na3 Qe7 15. Rfe1 Nb6 {0-1 (32) Schenaoui,N (2150)-Farley,T (2203) Baku 2016}) 13... Qe7 14. Re1 Nc5 15. Qc2 e4 $36 {[%mdl 2048] Black is really pushing.} 16. Nd4 f4 $1 {[%cal Rf4g3]} 17. Bh2 {[#]} f3 $1 {[%mdl 512]} 18. Bc4+ (18. gxf3 $15 Bxh3 19. b4) 18... Kh8 $17 19. b4 {[#]} Nd3 $1 {[%cal Rd3e1][%mdl 512]} 20. Bxd3 exd3 21. Qxd3 fxg2 22. Nab5 (22. e4 $17 {was necessary.}) 22... Ne5 $19 ({But not} 22... Bxh3 23. e4) ({Stronger than} 22... Nxd4 23. exd4 Qf7 24. Qe3 $15) 23. Qc2 $2 (23. Bxe5 Qxe5 24. Re2) 23... Bxh3 24. f4 a6 25. Na3 {[%cal Bb5a3,Ba3c4,Bc4d6][%mdl 32]} Ng6 26. Bg3 (26. Qf2 $142) 26... c5 27. Nf3 gxf4 28. exf4 Qd7 29. Ng5 cxb4 30. Nc4 bxc3 31. Rad1 (31. Ne3 $142 Bd4 32. Nf3) 31... Qg4 32. Kh2 Qf5 (32... Rxf4 $142 33. Nxh3 Rxc4) 33. Qc1 $2 (33. Re4 Bg4 34. Ne3 Bxd1 35. Qxd1) 33... Bg4 34. Nd6 Qc5 {Black is clearly winning.} 35. Rd3 h6 36. Ngf7+ Kh7 37. Kxg2 {[#]} Rxf7 $1 38. Nxf7 Qc4 39. f5 Bxf5 {Precision: White = 26%, Black = 84%.} 0-1

[Event "10th Mumbai Mayors Cup 2017"]
[Site "Mumbai"]
[Date "2017.06.04"]
[Round "1"]
[White "Dixit, Nikhil"]
[Black "Murshed, Niaz"]
[Result "0-1"]
[WhiteElo "2101"]
[BlackElo "2423"]
[Annotator "ChessBase"]
[PlyCount "96"]
[EventDate "2017.06.04"]
[EventType "swiss"]
[EventCountry "IND"]
[SourceTitle "playchess.com"]
[Source "ChessBase"]
[SourceQuality "1"]
[TimeControl "5400+30"]

1. e4 c5 2. Nf3 e6 3. b3 d6 4. Bb2 Nf6 5. Bb5+ Nbd7 6. Nc3 Be7 7. Qe2 O-O 8. O-O-O e5 9. Nh4 g6 10. g3 Nb8 11. f4 Bg4 12. Nf3 a6 13. Bc4 Nc6 14. Nd5 b5 15. Nxf6+ Bxf6 16. Bd5 Rc8 17. h3 Bxf3 18. Qxf3 Nb4 19. Rdf1 Nxa2+ 20. Kb1 Nb4 21. fxe5 Bxe5 22. Bxe5 dxe5 23. h4 Nxd5 24. exd5 c4 25. h5 cxb3 26. Qxb3 Qd6 27. Qe3 Qxd5 28. Qh6 Qe4 29. hxg6 Qxc2+ 30. Ka1 Qxg6 31. Rf6 Qxh6 32. Rfxh6 Rc7 33. Rxa6 Rd8 34. Rb6 Rxd2 35. Rxb5 f6 36. g4 Rg2 37. Rb4 Kg7 38. Kb1 Rd7 39. Kc1 Kg6 40. Kb1 Rd4 41. Rb7 Rgxg4 42. Rbxh7 Rd1+ 43. Rxd1 Kxh7 44. Kc2 Kg6 45. Rh1 Rd4 46. Rg1+ Kf5 47. Rg8 e4 48. Re8 Kf4 0-1

[Event "10th Mumbai Mayors Cup 2017"]
[Site "Mumbai"]
[Date "2017.06.04"]
[Round "1"]
[White "Dileep Kumar R"]
[Black "Raghunandan, Kaumandur Srihari"]
[Result "0-1"]
[WhiteElo "2094"]
[BlackElo "2410"]
[Annotator "TA"]
[PlyCount "82"]
[EventDate "2017.06.04"]
[EventType "swiss"]
[EventCountry "IND"]
[SourceTitle "playchess.com"]
[Source "ChessBase"]
[SourceQuality "1"]

{[%evp 19,82,36,62,-12,0,-43,-37,-22,-10,-72,-43,-83,-74,-126,-148,-141,-125,-291,-284,-295,-291,-282,-291,-294,-285,-270,-275,-287,-268,-337,-339,-390,-387,-381,-384,-372,-360,-455,-449,-445,-445,-478,-479,-469,-461,-445,-473,-527,-524,-504,-516,-533,-538,-523,-496,-491,-472,-706,-707,-799,-799,-938,-889,-1503,-1434]} 1. e4 c5 2. Nf3 d6 3. d4 cxd4 4. Nxd4 a6 5. Nc3 e6 6. Be2 Nf6 7. O-O b5 8. Bf3 Ra7 9. Be3 Rc7 {B84: Sicilian Scheveningen: 6 Be2 a6, lines without early Be3} 10. Nb3 (10. Re1 Be7 11. a4 b4 12. Na2 Bb7 13. Bd2 a5 14. c3 d5 15. e5 Ne4 16. Nb5 Rd7 17. cxb4 Nxd2 18. Qxd2 {0-1 (46) Leniart,A (2458)-Jakubowski,K (2525) Warsaw 2012}) 10... Nbd7 {LiveBook: 3 Games} 11. a3 ({White should play} 11. a4 $14 b4 12. Na2) 11... Bb7 {The position is equal.} 12. g3 Be7 13. Bg2 O-O 14. f4 (14. Qe2 $11 {keeps the balance.}) 14... Qa8 $17 {[%cal Rf6e4]} 15. Re1 $146 ({Predecessor:} 15. Na5 Bxe4 16. Nxe4 Nxe4 17. f5 {0-1 (36) Bakhyshov,A-Ragimov,F (2204) Baku 2001}) 15... Rfc8 16. Bf2 (16. Qd3 $142) 16... Rxc3 17. bxc3 Nxe4 18. c4 $2 (18. Bd4 $17) 18... Nxf2 $19 ({Much less strong is} 18... bxc4 19. Na5 $19) (18... Rxc4 19. Be3 $17) 19. Bxb7 Nh3+ (19... Nxd1 20. Bxa8 Nc3 21. Bb7 $17) ({Don't play} 19... Qxb7 20. Kxf2 bxc4 21. Nc1 $19) 20. Kg2 {[#]} Nxf4+ $1 {[%mdl 512]} 21. gxf4 Qxb7+ 22. Qf3 Qxf3+ 23. Kxf3 Rxc4 24. Rac1 d5 25. Na5 Ra4 26. Nc6 Bd6 27. Ne5 Nc5 28. Re3 f6 {Black is clearly winning.} 29. Nd3 Nxd3 30. cxd3 Bxf4 {[%mdl 4096] Endgame KRR-KRB} 31. Rc8+ Kf7 32. Re2 Be5 33. Ra8 Rxa3 34. Ra7+ Kg6 35. Rg2+ Kf5 36. Rgxg7 Bxh2 37. Rxh7 Rxd3+ 38. Ke2 (38. Kf2 $142 Rd2+ 39. Kf1) 38... Ra3 39. Rh5+ Ke4 40. Rh4+ Bf4 41. Rf7 f5 {Precision: White = 14%, Black = 89%.} 0-1

[Event "10th Mumbai Mayors Cup 2017"]
[Site "Mumbai"]
[Date "2017.06.04"]
[Round "1"]
[White "Tarini Goyal"]
[Black "Das, Sayantan"]
[Result "0-1"]
[WhiteElo "2084"]
[BlackElo "2401"]
[Annotator "TA"]
[PlyCount "86"]
[EventDate "2017.06.04"]
[EventType "swiss"]
[EventCountry "IND"]
[SourceTitle "playchess.com"]
[Source "ChessBase"]
[SourceQuality "1"]

{[%evp 13,86,-5,0,-196,-189,-299,-310,-302,-262,-269,-253,-350,-347,-335,-294,-318,-320,-388,-398,-394,-303,-302,-304,-391,-389,-392,-383,-383,-391,-364,-352,-397,-390,-388,-383,-352,-351,-502,-495,-485,-460,-456,-448,-513,-488,-481,-453,-845,-737,-858,-802,-1825,-1743,-2261,-2218,-2434,-2295,-2190,-1795,-29953,-29953,-6191,-5543,-29980,-29981,-29982,-29983,-29983,-29984,-29984,-29980,-29984,-29985,-29983,-29982]} 1. d4 e6 2. c4 b6 3. Nc3 Bb7 4. e4 Bb4 5. Bd3 f5 6. Qh5+ g6 7. Qe2 Nf6 8. e5 $2 {A40: Unusual replies to 1 d4} (8. Bg5 $11 {and White has nothing to worry.} Bxe4 9. Bxe4 fxe4 10. Bxf6 Qxf6 11. Qxe4) (8. Bg5 fxe4 9. Bc2 h6 10. Bxf6 Qxf6 11. Bxe4 Nc6 12. Nf3 O-O-O 13. O-O Nxd4 14. Nxd4 Qxd4 15. Rad1 Qf6 16. Bxb7+ Kxb7 {0-1 (75) Dzagnidze,N (2570)-Hou,Y (2673) Beijing 2014}) 8... Bxg2 $19 9. exf6 (9. Bg5 $142 O-O 10. exf6) 9... Qxf6 10. Bf4 {Black has a decisive advantage.} Nc6 ({Much less strong is} 10... Bxh1 11. Be5 $19) 11. O-O-O {[#] Nd5 is the strong threat.} Bxh1 12. Nd5 $146 ({Predecessor:} 12. d5 Bxc3 13. dxc6 Bxc6 14. bxc3 Qxc3+ 15. Kb1 O-O-O {0-1 (35) Knott,S (2205)-Speelman,J (2410) Ayr 1978}) 12... Bxd5 ({Stronger than} 12... Qxd4 13. Bb1 $11) 13. cxd5 Nxd4 14. Qe5 Be7 15. Ba6 c5 16. Bb7 Qxe5 17. Bxe5 Kf7 18. Bxa8 Rxa8 19. dxe6+ dxe6 20. Bxd4 cxd4 21. Rxd4 {[%mdl 4096] Endgame KRB-KRN} Rc8+ 22. Kd1 e5 23. Rd7 Rd8 24. Rxd8 Bxd8 {KB-KN} 25. Nf3 (25. f3 $142) 25... Ke6 26. Ke2 Kd5 27. Ne1 g5 {[%cal Bg6g5,Bg5g4][%mdl 32]} 28. Nc2 g4 29. Nb4+ Kd6 30. f3 (30. Kf1 $142) 30... h5 {[%cal Bh7h5,Bh5g4][%mdl 32]} 31. b3 Bg5 32. fxg4 hxg4 33. Kf2 Bf4 34. Kg2 Bd2 35. Nc2 e4 36. h3 gxh3+ 37. Kxh3 e3 38. Kg3 e2 {Black mates.} 39. Kf2 {[#]} e1=Q+ $1 40. Nxe1 Bxe1+ 41. Kxe1 Kc5 42. a3 Kd4 43. Kd2 b5 {Precision: White = 34%, Black = 92%.} 0-1